| 000 | 00851nam a22002417a 4500 | ||
|---|---|---|---|
| 003 | BD-DhJNU | ||
| 005 | 20250406111928.0 | ||
| 008 | 250406b |||||||| |||| 00| 0 eng d | ||
| 020 | _a978367898403 | ||
| 020 | _a9781032020761 | ||
| 020 | _a9781003021339 | ||
| 040 |
_aBD-DhJNU _bENG _cBD-DhJNU _dBD-DhJNU |
||
| 082 |
_223 _a304.2072 ROU |
||
| 245 |
_aThe Routledge handbook of research methods for social-ecological systems / _cedited by Reinette Biggs...[et al.]. |
||
| 260 |
_aNew York : _bRoutledge, Taylor & Francis Group, _c2022. |
||
| 300 |
_axxxii, 494p. : _bill. ; _c25 cm. |
||
| 490 | _aRoutledge international handbooks | ||
| 504 | _aIncludes bibliographical references and index | ||
| 650 | _aSocial ecology Research | ||
| 650 | _a Social sciences Research Methodology | ||
| 700 |
_aBiggs, Reinette _eeditor |
||
| 942 |
_2ddc _cBK _n0 |
||
| 999 |
_c1536 _d1536 |
||